000 005180000a22001570004500
003 MACL
005 20170808164419.0
008 170808b xxu||||| |||| 00| 0 eng d
040 _cmacl
100 _a देशमुख, सौ सुमिता
_968565
245 _aदीवान ए गालिब
_b समझने की एक और कोशिश ;
260 _bशशिकांत देशमुख
_c2009
350 _a300
650 _aकविता
_968566
942 _cHIN
_k891.431/DES/P
_2ddc
999 _c45457
_d45457